| 000 | 01675nam0a2200385 4500 | ||
|---|---|---|---|
| 001 | RU\NLR\bibl\261750 | ||
| 005 | 20250620130221.0 | ||
| 010 |
_a5-86759-084-8 _9250 |
||
| 021 |
_aRU _b2002-3873 _9186 |
||
| 035 | _a(NLR Aleph) 000257389 | ||
| 090 |
_a1502930 _c1502930 |
||
| 100 | _a20020426d2001 |||y0rusy50 ca | ||
| 101 | 0 | _arus | |
| 102 | _aRU | ||
| 105 | _ay ||||||||| | ||
| 200 | 1 |
_aОтветственность банков в законодательстве о налогах и сборах _fН. А. Саттарова _gМ-во образования Рос. Федерации, Башк. гос. ун-т, Стерлитамак. фил. Каф. гражд. и фин. права |
|
| 210 |
_aУфа _cБГУ _d2001 |
||
| 215 |
_a157 с. _d21 |
||
| 320 | _aБиблиогр.: с. 135-143 | ||
| 327 | 0 | _aВ прил. включ. законодат. и норматив. материалы | |
| 606 | 0 |
_aБанки _xПравонарушения в налоговой сфере _yРоссийская Федерация _92247551 _3RU\NLR\auth\661348305 |
|
| 610 | 0 | _aБанки - Ответственность за правонарушения | |
| 610 | 0 | _aНалоговое законодательство - Нарушения - Ответственность | |
| 675 |
_a347.734(470)(094.9) _v3 _zrus |
||
| 686 |
_a10.21 _2rugasnti |
||
| 686 |
_a67.402 _2rubbk |
||
| 686 | _aХ628.111.629 | ||
| 700 | 1 |
_aСаттарова _bН. А. _gНурия Альвановна _4070 |
|
| 801 | 0 |
_aRU _bRKP _c20020426 _gPSBO |
|
| 801 | 1 |
_aRU _bRKP _c20020426 |
|
| 801 | 2 |
_aRU _bNLR _c20020621 _grcr |
|
| 942 | _cBOOK | ||
| 980 | _aNB | ||
| 980 | _aNBR | ||